No other book: selected essays

Guardat en:
Dades bibliogràfiques
Autor principal: Jarrell, Randall (Autor)
Format: Llibre
Idioma:anglès
Publicat: Nueva York Perennial 2000
Matèries:
Etiquetes: Afegir etiqueta
Sense etiquetes, Sigues el primer a etiquetar aquest registre!

MARC

LEADER 00000cam a2200000 a 4500
001 UCG9668
003 CL-VaPUC
008 120323e20000000US |||||||||||||||||eng|d
020 |a 0060956380 
082 0 4 |a 809.104  |b JAR  |2 21 
100 0 |a Jarrell, Randall  |e author  |9 561289 
245 1 0 |a No other book: selected essays 
300 |a 376 p 
942 |c BK 
945 |d 20120323 00:00:00  |a dcastane 
260 |a Nueva York  |b Perennial  |c 2000 
650 7 |a POESIA MODERNA SIGLO 20  |2 CL-VaPUC  |9 561275 
650 0 |a Historia y crítica   |9 257407 
650 7 |a CRITICISMO  |2 CL-VaPUC  |9 265242 
583 |a last modification  |c 20120323 11:52:00  |k Rodrigo Vera 
999 |c 347214  |d 347212 
952 |0 0  |1 0  |4 0  |6 809_104000000000000_JAR_2000  |7 0  |8 A  |9 448390  |a BIBART  |b BIBART  |d 2019-11-22  |i 4807324  |o 809.104 JAR 2000  |p 4807324  |r 2025-03-13  |w 2019-11-22  |y BK  |k ART